Quizzes
Events
Quiz Creation
Community
Videos
Private Events
Remove Ads
Sign In
Join for FREE
Feedback
Dark Mode
Quiz Categories
Sports
Geography
Music
Movies
Television
Just For Fun
Miscellaneous
History
Literature
Language
Science
Gaming
Entertainment
Religion
Holiday
For Kids
Quiz Lab
Recent
Popular Today
Quiz Kudos Today
Editor Picks
Curator Picks
Quizzes by...
Day
Popularity
Type
Ratings
Length
Year
Community
Subscriptions
Recent Discussions
Orange Saloon
Badges
Playlists
Quests
Create
Leaderboards
Showdown
Live 5
Trivia Bingo
Activity
Puzzle Library
Sporcle Events
Private Events
Virtual Trivia
Globe League
Become a Host
Pub Owners
SporcleCon
Opinionation
Our Games
Videos
Blog
Mobile Apps
Partnerships
Remove Ads and Go Orange
Feedback
Music
Pop Music
The Beatles
Song
Album
Lyrics
Bands
Singers
Artist
Clip
Rock
Rap
Classical
Billboard
Country Music
Kpop
Taylor Swift
Music
Pop Music
The Beatles
Song
Album
Lyrics
Bands
Singers
Artist
Clip
Rock
Rap
Classical
Billboard
Country Music
Kpop
Taylor Swift
Random Quiz
Search Sporcle
×
Quiz Lab
Quiz Lab
Music
Song
Type in answers that appear in a list
Type in answers that appear in a list
Classic
Best Score? Go Orange.
Top 10 Hits of 2012 Stats
Can you name the songs that reached the top 10 on the Billboard Hot 100 in 2012?
By
sbme
10m
56 Questions
844 Plays
844 Plays
844 Plays
Comments
Comments
Give Quiz Kudos
Give Quiz Kudos
-
- Ratings
hide this ad
Replay
Link that replays current quiz
Next Quiz
Link to next quiz in quiz playlist
You Got
0%
They Got
Avg Score
52%
Avg Friend Score
Upgrade to see
Score Distribution
Jump to the score distribution portion of the page
Score
0/56
Timer
10:00
0
Plays Today
Artist
Song
% Correct
Carly Rae Jepsen
Call Me Maybe
84.2%
LMFAO
Sexy and I Know It
79.8%
Fun. ft. Janelle Monáe
We Are Young
79.5%
PSY
Gangnam Style
78.5%
Gotye ft. Kimbra
Somebody That I Used to Know
75.7%
Maroon 5 ft. Wiz Khalifa
Payphone
74.5%
Ellie Goulding
Lights
70%
One Direction
What Makes You Beautiful
69.8%
Owl City & Carly Rae Jepsen
Good Time
67.7%
Justin Bieber ft. Nicki Minaj
Beauty and a Beat
67.4%
The Wanted
Glad You Came
66%
Adele
Set Fire to the Rain
65%
Fun.
Some Nights
64.9%
Phillip Phillips
Home
62.7%
Justin Bieber
Boyfriend
62.5%
Flo Rida
Whistle
62.3%
Jessie J
Domino
61.8%
Kelly Clarkson
Stronger (What Doesn't Kill You)
61.1%
David Guetta ft. Sia
Titanium
60.6%
Nicki Minaj
Starships
60.4%
The Lumineers
Ho Hey
59.9%
Train
Drive By
55.5%
Taylor Swift
We Are Never Ever Getting Back Together
55%
Taylor Swift
I Knew You Were Trouble
54.5%
Flo Rida ft. Sia
Wild Ones
54.2%
Snoop Dogg & Wiz Khalifa ft. Bruno Mars
Young, Wild & Free
52.3%
Katy Perry
Part of Me
51.5%
Maroon 5
One More Night
50.2%
Artist
Song
% Correct
Katy Perry
Wide Awake
50.1%
Rihanna
Diamonds
49.4%
Ke$ha
Die Young
49.3%
Drake ft. Rihanna
Take Care
49%
Adele
Skyfall
48.2%
Bruno Mars
Locked Out of Heaven
48.2%
Neon Trees
Everybody Talks
47.9%
Kanye West & Jay-
Z
N***as in Paris
47.4%
Alex Clare
Too Close
46.5%
Justin Bieber ft. Big Sean
As Long As You Love Me
45.2%
Whitney Houston
I Will Always Love You
45.1%
Flo Rida
Good Feeling
44.4%
Katy Perry
The One That Got Away
43%
David Guetta ft. Nicki Minaj
Turn Me On
41.9%
P!nk
Blow Me (One Last Kiss)
41.1%
Taylor Swift
Red
41%
Tyga
Rack City
40.1%
Jason Mraz
I Won't Give Up
39.9%
One Direction
Live While We're Young
38.1%
Usher
Scream
36.2%
Ne-
Yo
Let Me Love You (Until You Learn to Love Yourself)
36%
Flo Rida
I Cry
32.6%
Rihanna
Where Have You Been
31.7%
Chris Brown
Don't Wake Me Up
31.3%
Big Sean ft. Nicki Minaj
Dance (A$$)
30.4%
Madonna ft. Nicki Minaj & M.I.A.
Give Me All Your Luvin'
28%
Taylor Swift
Begin Again
24.6%
Chris Brown
Turn Up the Music
23.2%
Quiz Playlist
Details
Report
Send in Message
Add To Playlist
Classic:
Type in answers that appear in a list
Last Updated: Feb 16, 2017
Quiz Scoreboard
CHALLENGE
Sign Up to Join the Scoreboard
Show All
Scores
Hide
Comments
May contain spoilers
Recently Published
TV Characters by Other Roles V
by ghcgh
Television
5m
Decade Duel: World Leaders
by jenniferyan
History
4m
Alphabetical 'K' Countries by Flag Minefield
by ylime102
Geography
3m
More to Explore
Quiz From the Vault
Featured Blog Post
15 Basketball Trivia Facts You Can Be March Mad About
hide this ad
You Might Also Like...
Tags
Billboard Quiz
Song Quiz
2012
Hot 100
peak
Peaked
Top 10
Today's Top Quizzes in Music
Browse Music
hide this ad
Today's Top Quizzes in Song
Browse Song
Top Contributed Quizzes in Music
1
Taylor Swift All Songs (2024)
2
KPOP LOGIC QUIZ
3
Taylor Swift Logic Puzzle
4
Decade Duel: Singer
5
Guess the Taylor Swift song (Mystery Song)
6
A Taylor Swift Logic Puzzle
7
Guess The Taylor Swift Lyrics Song #1
8
kpop group name match up
9
2 word kpop group match
10
K-Pop : 100 Debut Songs (Part 1 of 3)
Explore More
Trending Topics
Anime
Harry Potter
Crossword
NBA
Marvel
Kpop
Disney
NFL
Song
Pokémon
WWE
Soccer
Country
Puzzle
The Office
hide this ad
More By:
sbme
Quiz
Plays
Rating
Category
Featured
Created
Heart Stopping Challenge
681,567
3.24
Science
Mar 29, 2012
The Digestion Progression Challenge
252,803
3.63
Science
May 25, 2012
Top 10 Hits of 2010
154,640
3.80
Music
Dec 16, 2010
Big Mac Meltdown
142,966
3.66
Miscellaneous
Mar 29, 2012
Top 10 Hits of 2009
124,041
3.70
Music
Oct 2, 2009
Go to Creator's Profile
Score Distribution
Quiz Creator Spotlight
sbme
Follow
Send a Message
Quizzes Created
-
Created Quiz Play Count
-
More By This Creator
Popular Quizzes Today
1
Countries of Asia Without Outlines Minefield
2
Find the US States - No Outlines Minefield
3
Pick 6: Fruits
4
The Countries of the World
5
Alphabetical 'K' Countries by Flag Minefield
6
Find the Countries of Europe - No Outlines Minefield
7
US States
8
Find the US States
More Music Quizzes
2 K-pop Songs, 1 Missing Word
Published
Trending Quizzes
Pick 6: Mountains
Pick 6: Harry Potter
Pick 6: Flags
Pick 6: NFL Teams
Pick 6: Movie Franchises
Recently Updated
Adaptations: Name the Title
pecheneg
NWSL Teams
pecheneg
Women's Final Four Teams by Year
bhenderson79
Presidents Quartet II
eogle
Anything But Clue(do)
eogle
Anything But Oceanian Capitals
eogle
Anything But 7
eogle
Anything But Thing
eogle
Word Ladder: February 29
pecheneg
Song Title Questions
pecheneg
Trending Topics
Marvel
Harry Potter
NBA
Kpop
Disney
Crossword
Anime
Pokémon
Country
The Office
Puzzle
NFL
Song
Soccer
WWE
Your Account Isn't Verified!
In order to create a playlist on Sporcle, you need to verify the email address you used during registration. Go to your
Sporcle Settings
to finish the process.
Report this User
Report this user for behavior that violates our
Community Guidelines
.
Details:
Send Report
Go to the Sporcle.com Mobile Site →
Comments